[Event "EU-ch (Women) 24th"]
[Site "Rhodes"]
[Date "2024.04.22"]
[Round "4"]
[White "Toma, Katarzyna"]
[Black "Janiashvili, Mariam"]
[Result "1-0"]
[WhiteElo "2202"]
[BlackElo "1964"]
[PlyCount "73"]
[EventDate "2024.04.19"]
[EventType "swiss"]
[EventRounds "10"]
[EventCountry "GRE"]
[SourceTitle "CB18_2024"]
[SourceDate "2024.05.01"]
[SourceVersion "1"]
[SourceVersionDate "2024.05.01"]
[SourceQuality "2"]

1. e4 d6 2. d4 Nf6 3. Nc3 e5 4. Nf3 Nbd7 5. Bc4 Be7 6. 0-0 0-0 7. a4 c6 8. Re1 h6 9. Ba2 Re8 10. h3 exd4 11. Nxd4 Bf8 12. a5 Nc5 13. f3 Ne6 14. Be3 Nxd4 15. Qxd4 Be6 16. Bxe6 fxe6 17. e5 c5 18. Qa4 dxe5 19. Rad1 Qc7 20. Bf2 Rad8 21. Bg3 Rxd1 22. Nxd1 Bd6 23. Nc3 Rd8 24. Qc4 Qxa5 25. Qxe6+ Kh8 26. Bh4 Bf8 27. Bxf6 gxf6 28. Qxf6+ Bg7 29. Qf7 e4 30. Rxe4 Qa1+ 31. Kh2 Qxb2 32. Nd5 a5 33. c3 Rg8 34. Rg4 Be5+ 35. f4 Rxg4 36. hxg4 Bxc3 37. Ne7 1-0

[Event "GEO-ch Blitz (Women)"]
[Site "Tbilisi"]
[Date "2023.12.07"]
[Round "12"]
[White "Janiashvili, Mariam"]
[Black "Arabidze, Meri"]
[Result "0-1"]
[WhiteElo "1940"]
[BlackElo "2462"]
[PlyCount "52"]
[EventDate "2023.12.05"]
[EventType "swiss (blitz)"]
[EventRounds "13"]
[EventCountry "GEO"]
[SourceTitle "CB50_2023"]
[SourceDate "2023.12.13"]
[SourceVersion "1"]
[SourceVersionDate "2023.12.13"]
[SourceQuality "1"]

1. d4 Nf6 2. e3 b6 3. f4 Bb7 4. Nf3 g6 5. Bd3 Bg7 6. Nbd2 c5 7. c3 0-0 8. 0-0 Qc7 9. Qe2 d5 10. Ne5 a5 11. f5 Nc6 12. fxg6 hxg6 13. Ndf3 Ne4 14. Nxc6 Bxc6 15. Bxe4 dxe4 16. Ng5 Qd7 17. h3 f6 18. dxc5 fxg5 19. cxb6 Rxf1+ 20. Qxf1 Rf8 21. Qa6 Bb5 22. Qxa5 Rf1+ 23. Kh2 Qd6+ 24. g3 Rf2+ 25. Kh1 Qxg3 26. Qa8+ Kh7 0-1

[Event "Titled Tuesday intern op 04th Oct Early"]
[Site "Chess.com INT"]
[Date "2022.10.04"]
[Round "3"]
[White "Bilan, Danila"]
[Black "Janiashvili, Mariam"]
[Result "0-1"]
[WhiteElo "2303"]
[BlackElo "1940"]
[PlyCount "80"]
[EventDate "2022.10.04"]
[EventType "swiss (blitz)"]
[EventRounds "11"]
[EventCountry "USA"]
[SourceTitle "EXT 2023"]
[Source "ChessBase"]
[SourceDate "2022.10.05"]
[SourceVersion "1"]
[SourceVersionDate "2022.10.05"]
[SourceQuality "1"]

1. d4 d5 2. Nf3 Nf6 3. c4 e6 4. Nc3 dxc4 5. e3 a6 6. Bxc4 b5 7. Be2 Bb7 8. 0-0 Nbd7 9. a3 c5 10. dxc5 Bxc5 11. b4 Bb6 12. Bb2 0-0 13. a4 bxa4 14. Nxa4 Bc7 15. Nc5 Nxc5 16. bxc5 Qe7 17. c6 Bxc6 18. Ba3 Qd8 19. Bxf8 Qxf8 20. Rc1 Qe8 21. Nd4 Ba4 22. Qd3 Bb6 23. Bf3 Rd8 24. Qxa6 Bxd4 25. exd4 Bb5 26. Qb7 Bxf1 27. Kxf1 Rxd4 28. g3 Rd7 29. Qa6 Rd8 30. Kg2 Nd5 31. Rb1 Qe7 32. Rb7 Qc5 33. Qa4 g6 34. Qh4 Rc8 35. Qg5 Qc6 36. Ra7 Qb6 37. Ra4 Qc6 38. Rh4 h5 39. Rxh5 Qc1 40. Rh4 Qxg5 0-1

[Event "Titled Tuesday intern op 04th Oct Early"]
[Site "Chess.com INT"]
[Date "2022.10.04"]
[Round "5"]
[White "Gulevich, Artem"]
[Black "Janiashvili, Mariam"]
[Result "1/2-1/2"]
[WhiteElo "2304"]
[BlackElo "1940"]
[PlyCount "61"]
[EventDate "2022.10.04"]
[EventType "swiss (blitz)"]
[EventRounds "11"]
[EventCountry "USA"]
[SourceTitle "EXT 2023"]
[Source "ChessBase"]
[SourceDate "2022.10.05"]
[SourceVersion "1"]
[SourceVersionDate "2022.10.05"]
[SourceQuality "1"]

1. Nf3 g6 2. d4 Bg7 3. b3 d5 4. Bb2 Nf6 5. e3 0-0 6. Nbd2 c5 7. Be2 Nc6 8. 0-0 cxd4 9. Nxd4 Nxd4 10. Bxd4 Qc7 11. c4 Bf5 12. cxd5 Nxd5 13. Bxg7 Kxg7 14. e4 Nc3 15. Qe1 Nxe2+ 16. Qxe2 Be6 17. Rac1 Qa5 18. Nc4 Bxc4 19. Rxc4 Rac8 20. Rfc1 Rxc4 21. Rxc4 Rd8 22. Rc2 Qe5 23. g3 Rd4 24. Rc4 Rxc4 25. Qxc4 Qa1+ 26. Kg2 Qxa2 27. Qd4+ Kg8 28. Qd8+ Kg7 29. Qd4+ Kg8 30. Qd8+ Kg7 31. Qd4+ 1/2-1/2

[Event "Titled Tuesday intern op 04th Oct Early"]
[Site "Chess.com INT"]
[Date "2022.10.04"]
[Round "1"]
[White "Janiashvili, Mariam"]
[Black "Omelja, Artem"]
[Result "0-1"]
[WhiteElo "1940"]
[BlackElo "2441"]
[PlyCount "82"]
[EventDate "2022.10.04"]
[EventType "swiss (blitz)"]
[EventRounds "11"]
[EventCountry "USA"]
[SourceTitle "EXT 2023"]
[Source "ChessBase"]
[SourceDate "2022.10.05"]
[SourceVersion "1"]
[SourceVersionDate "2022.10.05"]
[SourceQuality "1"]

1. d4 d5 2. c4 c6 3. cxd5 cxd5 4. Nc3 Nc6 5. Nf3 Nf6 6. Bf4 a6 7. e3 e6 8. Bd3 Be7 9. 0-0 0-0 10. Rc1 Bd7 11. Bb1 b5 12. a3 Na5 13. Ne5 Nc4 14. Qe2 Rc8 15. f3 Qb6 16. Rfd1 Rfd8 17. Kh1 Be8 18. Bg3 b4 19. axb4 Qxb4 20. e4 Qxb2 21. Qd3 Nxe5 22. dxe5 dxe4 23. Qxa6 Qxc3 24. Bf4 Rxd1+ 25. Rxd1 Nd5 26. Bd2 Qc6 27. Qxc6 Rxc6 28. fxe4 Nc3 29. Bxc3 Rxc3 30. h3 g6 31. Kh2 Bh4 32. g3 Bxg3+ 33. Kg2 Bxe5 34. Rf1 Bc6 35. Rd1 h5 36. Rd2 Kg7 37. h4 Rg3+ 38. Kf2 Rg4 39. Rc2 Bxe4 40. Re2 Bd4+ 41. Kf1 Rg1# 0-1

[Event "Titled Tuesday intern op 04th Oct Early"]
[Site "Chess.com INT"]
[Date "2022.10.04"]
[Round "6"]
[White "Janiashvili, Mariam"]
[Black "Shandrygin, Nikita"]
[Result "0-1"]
[WhiteElo "1940"]
[BlackElo "2209"]
[PlyCount "34"]
[EventDate "2022.10.04"]
[EventType "swiss (blitz)"]
[EventRounds "11"]
[EventCountry "USA"]
[SourceTitle "EXT 2023"]
[Source "ChessBase"]
[SourceDate "2022.10.05"]
[SourceVersion "1"]
[SourceVersionDate "2022.10.05"]
[SourceQuality "1"]

1. d4 Nf6 2. c4 e6 3. Nf3 d5 4. cxd5 exd5 5. Nc3 c5 6. dxc5 Bxc5 7. e3 Nc6 8. Bb5 0-0 9. 0-0 a6 10. Bxc6 bxc6 11. Qc2 Qe7 12. b3 Bg4 13. Na4 Bd6 14. Qxc6 Rfc8 15. Qb6 Bxf3 16. gxf3 Bc7 17. Qd4 Be5 0-1

[Event "Titled Tuesday intern op 30th Nov"]
[Site "Chess.com INT"]
[Date "2021.11.30"]
[Round "4"]
[White "Janiashvili, Mariam"]
[Black "Sarkar, Justin"]
[Result "0-1"]
[WhiteElo "1940"]
[BlackElo "2321"]
[PlyCount "48"]
[EventDate "2021.11.30"]
[EventType "swiss (blitz)"]
[EventRounds "11"]
[EventCountry "USA"]
[SourceTitle "CBM 205 Extra"]
[Source "ChessBase"]
[SourceDate "2022.01.31"]
[SourceVersion "1"]
[SourceVersionDate "2022.01.31"]
[SourceQuality "1"]

1. d4 Nf6 2. c4 e6 3. Nf3 c5 4. d5 exd5 5. cxd5 g6 6. Nc3 Bg7 7. e4 0-0 8. Bd3 d6 9. h3 b5 10. Bxb5 Nxe4 11. Nxe4 Qa5+ 12. Nc3 Bxc3+ 13. bxc3 Qxb5 14. Be3 Ba6 15. Rc1 Qc4 16. Nd2 Qxd5 17. c4 Qxg2 18. Ke2 Nd7 19. Qc2 Rfe8 20. Qa4 Qb7 21. Rb1 Nb6 22. Qc2 d5 23. Kd1 d4 24. Bh6 Qxh1+ 0-1

[Event "Online Olym Div Top-A"]
[Site "Chess.com INT"]
[Date "2021.09.10"]
[Round "8.2"]
[White "Janiashvili, Mariam"]
[Black "Tsolakidou, Stavroula"]
[Result "0-1"]
[WhiteElo "1940"]
[BlackElo "2377"]
[PlyCount "92"]
[EventDate "2021.09.08"]
[EventType "team (rapid)"]
[EventRounds "9"]
[EventCountry "USA"]
[SourceTitle "CBM 204 Extra"]
[Source "ChessBase"]
[SourceDate "2021.11.30"]
[SourceVersion "1"]
[SourceVersionDate "2021.11.30"]
[SourceQuality "1"]
[WhiteTeam "Georgia"]
[BlackTeam "Greece"]
[WhiteTeamCountry "GEO"]
[BlackTeamCountry "GRE"]

1. d4 d5 2. c4 c6 3. Nf3 Nf6 4. e3 e6 5. Bd3 dxc4 6. Bxc4 Nbd7 7. 0-0 Bd6 8. Nc3 b5 9. Bb3 0-0 10. Qe2 b4 11. Na4 Qa5 12. Qc2 c5 13. Nxc5 Nxc5 14. dxc5 Qxc5 15. Rd1 Bb7 16. Qxc5 Bxc5 17. a3 Ne4 18. Ne5 Bd6 19. Nc4 Bd5 20. Nd2 Bxb3 21. Nxb3 Rfd8 22. f3 Bxh2+ 23. Kxh2 Rxd1 24. fxe4 Rb8 25. axb4 Rxb4 26. Rxa7 h6 27. Ra3 Rxe4 28. Bd2 Rb1 29. Ra2 Rg4 30. Nd4 e5 31. Nf3 f6 32. b4 Rc4 33. Kg3 h5 34. Kf2 Kh7 35. g3 Rd1 36. Ke2 Rb1 37. Kf2 g5 38. Ra6 Kg7 39. Ra7+ Kg6 40. Ra2 h4 41. gxh4 g4 42. Ne1 Rb3 43. Rc2 Rxc2 44. Nxc2 Rb2 45. b5 Rxc2 46. Ke1 Rb2 0-1

[Event "Online Olym Div Top-A"]
[Site "Chess.com INT"]
[Date "2021.09.08"]
[Round "3.2"]
[White "Gaboyan, Susanna"]
[Black "Janiashvili, Mariam"]
[Result "1/2-1/2"]
[WhiteElo "2253"]
[BlackElo "1940"]
[PlyCount "101"]
[EventDate "2021.09.08"]
[EventType "team (rapid)"]
[EventRounds "9"]
[EventCountry "USA"]
[SourceTitle "CBM 204 Extra"]
[Source "ChessBase"]
[SourceDate "2021.11.30"]
[SourceVersion "1"]
[SourceVersionDate "2021.11.30"]
[SourceQuality "1"]
[WhiteTeam "Armenia"]
[BlackTeam "Georgia"]
[WhiteTeamCountry "ARM"]
[BlackTeamCountry "GEO"]

1. Nf3 d5 2. g3 c5 3. Bg2 Nf6 4. 0-0 e6 5. d4 Nc6 6. c4 Be7 7. cxd5 Nxd5 8. Nc3 cxd4 9. Nxd4 Nxd4 10. Qxd4 Bf6 11. Qa4+ Bd7 12. Qb3 Nxc3 13. bxc3 0-0 14. Qxb7 Rb8 15. Qxa7 Bb5 16. Ba3 Re8 17. Rfd1 Qc8 18. Bf3 Qc4 19. Bd6 Rbc8 20. a4 Bc6 21. Bxc6 Rxc6 22. Bb4 Bxc3 23. Bxc3 Qxc3 24. a5 h6 25. a6 Rc7 26. Qb6 Ra8 27. a7 Kh7 28. Ra2 Qc4 29. Rda1 Rd7 30. Qe3 Qd4 31. Qf3 Raxa7 32. Rxa7 Rxa7 33. Rxa7 Qxa7 34. h4 Kg8 35. Qd3 Qc7 36. Kh2 g6 37. h5 g5 38. Qd4 Qc2 39. Qd8+ Kg7 40. Qd4+ Kg8 41. Qe5 Qc4 42. f3 Qc1 43. Kg2 Qc4 44. Kf2 Qc2 45. g4 Qc1 46. Qf6 Qc5+ 47. Kg2 Qe3 48. Kf1 Qc1+ 49. Kf2 Qc5+ 50. Ke1 Qc1+ 51. Kf2 1/2-1/2

[Event "Titled Tuesday intern op 17th Aug"]
[Site "Chess.com INT"]
[Date "2021.08.17"]
[Round "4"]
[White "Janiashvili, Mariam"]
[Black "Baches Garcia, Guillermo"]
[Result "0-1"]
[WhiteElo "1940"]
[BlackElo "2329"]
[PlyCount "56"]
[EventDate "2021.08.17"]
[EventType "swiss (blitz)"]
[EventRounds "11"]
[EventCountry "USA"]
[SourceTitle "EXT 2022"]
[Source "ChessBase"]
[SourceDate "2021.10.06"]
[SourceVersion "1"]
[SourceVersionDate "2021.10.06"]
[SourceQuality "1"]

1. d4 Nf6 2. c4 e6 3. Nf3 d5 4. cxd5 exd5 5. Nc3 Be7 6. Bg5 c6 7. Qc2 0-0 8. e3 Nbd7 9. Bd3 Re8 10. 0-0 Nf8 11. a3 Nh5 12. Bxe7 Qxe7 13. b4 a6 14. Rfb1 Bg4 15. Ne5 Be6 16. a4 Rac8 17. Qb2 f6 18. Nf3 Bg4 19. Ne1 Ng6 20. h3 Bd7 21. g4 Nh4 22. gxh5 f5 23. Kh2 f4 24. exf4 Qe6 25. Bf1 Qf5 26. Nd3 Qxh5 27. Ne5 Nf3+ 28. Kg2 Qxh3# 0-1

[Event "Titled Tuesday intern op 17th Aug"]
[Site "Chess.com INT"]
[Date "2021.08.17"]
[Round "10"]
[White "Janiashvili, Mariam"]
[Black "Baskin, Robert"]
[Result "1-0"]
[WhiteElo "1940"]
[BlackElo "2390"]
[PlyCount "89"]
[EventDate "2021.08.17"]
[EventType "swiss (blitz)"]
[EventRounds "11"]
[EventCountry "USA"]
[SourceTitle "EXT 2022"]
[Source "ChessBase"]
[SourceDate "2021.10.06"]
[SourceVersion "1"]
[SourceVersionDate "2021.10.06"]
[SourceQuality "1"]

1. d4 Nf6 2. c4 e6 3. Nf3 Bb4+ 4. Bd2 c5 5. Bxb4 cxb4 6. Nbd2 0-0 7. e4 d6 8. Bd3 Nc6 9. Qc2 e5 10. d5 Nb8 11. c5 Bg4 12. cxd6 Bxf3 13. Nxf3 Qxd6 14. Rc1 Nbd7 15. 0-0 Rfd8 16. Qc7 Qb6 17. Qxb6 axb6 18. Rc4 Ne8 19. Rxb4 Rxa2 20. Rc1 Nd6 21. Nd2 f6 22. Nc4 Nc5 23. Be2 Ndxe4 24. Nxb6 Ra5 25. f3 Nd6 26. Nc4 Nxc4 27. Bxc4 Kf8 28. Rb6 Ke7 29. b4 Na4 30. bxa5 Nxb6 31. axb6 Rc8 32. Rc2 Kd6 33. Bb3 Rxc2 34. Bxc2 Kxd5 35. Be4+ Kc5 36. Bxb7 Kxb6 37. Be4 g6 38. g4 Kc5 39. Kf2 Kd4 40. Kg3 Ke3 41. h4 Ke2 42. h5 gxh5 43. gxh5 h6 44. Kg4 Ke3 45. Kf5 1-0

[Event "Titled Tuesday intern op 17th Aug"]
[Site "Chess.com INT"]
[Date "2021.08.17"]
[Round "5"]
[White "Musovic, Armin"]
[Black "Janiashvili, Mariam"]
[Result "1-0"]
[WhiteElo "2282"]
[BlackElo "1940"]
[PlyCount "41"]
[EventDate "2021.08.17"]
[EventType "swiss (blitz)"]
[EventRounds "11"]
[EventCountry "USA"]
[SourceTitle "EXT 2022"]
[Source "ChessBase"]
[SourceDate "2021.10.06"]
[SourceVersion "1"]
[SourceVersionDate "2021.10.06"]
[SourceQuality "1"]

1. a3 h6 2. Nc3 e5 3. d4 exd4 4. Qxd4 Nc6 5. Qa4 Nf6 6. Nf3 Be7 7. Bf4 0-0 8. 0-0-0 d6 9. e4 Bd7 10. Qb3 a6 11. Nd5 Nxe4 12. Qe3 Nf6 13. Bc4 Re8 14. Nxe7+ Qxe7 15. Qd2 Qe4 16. Bd3 Qa4 17. Rhe1 b5 18. Bxh6 gxh6 19. Qxh6 Ng4 20. Qh7+ Kf8 21. Qh8# 1-0

[Event "Titled Tuesday intern op 13th July"]
[Site "Chess.com INT"]
[Date "2021.07.13"]
[Round "1"]
[White "Janiashvili, Mariam"]
[Black "Papasimakopoulos, Alexandros"]
[Result "0-1"]
[WhiteElo "1940"]
[BlackElo "2251"]
[PlyCount "94"]
[EventDate "2021.07.13"]
[EventType "swiss (blitz)"]
[EventRounds "11"]
[EventCountry "USA"]
[SourceTitle "CBM 203 Extra"]
[Source "ChessBase"]
[SourceDate "2021.09.30"]
[SourceVersion "1"]
[SourceVersionDate "2021.09.30"]
[SourceQuality "1"]

1. d4 e6 2. c4 Nf6 3. Nf3 Bb4+ 4. Bd2 Qe7 5. Nc3 b6 6. g3 Bb7 7. Bg2 0-0 8. 0-0 Bxc3 9. Bxc3 Be4 10. Rc1 d6 11. Qa4 Nbd7 12. Rfd1 a5 13. Nd2 Bxg2 14. Kxg2 e5 15. Qc6 exd4 16. Bxd4 Ne5 17. Bxe5 dxe5 18. e4 Qd6 19. Qxd6 cxd6 20. f3 Rfd8 21. Nb1 Rac8 22. b3 Kf8 23. Nc3 Ke7 24. Rd2 Rc6 25. Rcd1 Nd7 26. Nb5 Nf8 27. Na7 Rc7 28. Nb5 Rcd7 29. Nc3 Rb8 30. Nd5+ Ke6 31. f4 exf4 32. gxf4 f5 33. exf5+ Kxf5 34. Re2 b5 35. Ne7+ Kf6 36. Nc6 Rb6 37. cxb5 Rxb5 38. Red2 d5 39. Nd4 Rb4 40. Nc6 Rxf4 41. Rxd5 Rxd5 42. Rxd5 a4 43. b4 Rc4 44. Rd6+ Kg5 45. Nd4 Rxb4 46. Nf3+ Kf5 47. Nh4+ Rxh4 0-1

[Event "Titled Tuesday intern op 29th June"]
[Site "Chess.com INT"]
[Date "2021.06.29"]
[Round "6"]
[White "Janiashvili, Mariam"]
[Black "Martin Carmona, Gaston Manuel"]
[Result "1-0"]
[WhiteElo "1940"]
[BlackElo "2294"]
[PlyCount "75"]
[EventDate "2021.06.29"]
[EventType "swiss (blitz)"]
[EventRounds "11"]
[EventCountry "USA"]
[SourceTitle "CBM 203 Extra"]
[Source "ChessBase"]
[SourceDate "2021.09.30"]
[SourceVersion "1"]
[SourceVersionDate "2021.09.30"]
[SourceQuality "1"]

1. d4 Nf6 2. c4 e6 3. Nf3 d5 4. cxd5 exd5 5. Nc3 c6 6. Qc2 Be7 7. Bg5 0-0 8. e3 Nbd7 9. Bd3 Re8 10. 0-0-0 Nf8 11. Ne5 Bd6 12. f4 c5 13. g4 cxd4 14. exd4 Be6 15. h4 h6 16. Bxf6 Qxf6 17. f5 Bc8 18. Nxd5 Qd8 19. Bc4 b5 20. Bxb5 Bb7 21. Bxe8 Bxd5 22. Bxf7+ Bxf7 23. Nxf7 Kxf7 24. Qb3+ Ke8 25. Rhe1+ Kd7 26. Qb5+ Kc7 27. Kb1 Qd7 28. Rc1+ Kd8 29. Qa5+ Bc7 30. Rxc7 Qxc7 31. Re8+ Kxe8 32. Qxc7 Rd8 33. Qc6+ Rd7 34. d5 Ke7 35. g5 hxg5 36. hxg5 Nh7 37. Qe6+ Kd8 38. Qg8+ 1-0

[Event "Titled Tuesday intern op 29th June"]
[Site "Chess.com INT"]
[Date "2021.06.29"]
[Round "2"]
[White "Janiashvili, Mariam"]
[Black "Nguyen, Quoc Hy"]
[Result "0-1"]
[WhiteElo "1940"]
[BlackElo "2242"]
[PlyCount "42"]
[EventDate "2021.06.29"]
[EventType "swiss (blitz)"]
[EventRounds "11"]
[EventCountry "USA"]
[SourceTitle "CBM 203 Extra"]
[Source "ChessBase"]
[SourceDate "2021.09.30"]
[SourceVersion "1"]
[SourceVersionDate "2021.09.30"]
[SourceQuality "1"]

1. d4 d5 2. c4 c6 3. cxd5 cxd5 4. Nf3 Nf6 5. Nc3 e6 6. Bf4 Bd6 7. e3 0-0 8. Bxd6 Qxd6 9. Bd3 a6 10. 0-0 b5 11. Rc1 Bb7 12. Bb1 Nbd7 13. Qd3 Rfc8 14. Rfd1 Rc7 15. a4 b4 16. Ne2 Rac8 17. Rxc7 Rxc7 18. Ng3 g6 19. h4 Ne4 20. Ne2 a5 21. h5 Ba6 0-1

[Event "Titled Tuesday intern op 22nd June"]
[Site "Chess.com INT"]
[Date "2021.06.22"]
[Round "1"]
[White "Janiashvili, Mariam"]
[Black "Spyropoulos, Nikolaos"]
[Result "0-1"]
[WhiteElo "1940"]
[BlackElo "2425"]
[PlyCount "133"]
[EventDate "2021.06.22"]
[EventType "swiss (blitz)"]
[EventRounds "11"]
[EventCountry "USA"]
[SourceTitle "CBM 203 Extra"]
[Source "ChessBase"]
[SourceDate "2021.09.30"]
[SourceVersion "1"]
[SourceVersionDate "2021.09.30"]
[SourceQuality "1"]

1. d4 Nf6 2. c4 e6 3. Nf3 Bb4+ 4. Bd2 a5 5. Nc3 d6 6. Rc1 Nbd7 7. g3 b6 8. Bg2 Bb7 9. 0-0 0-0 10. Re1 Re8 11. Qc2 Bxc3 12. Bxc3 Be4 13. Qa4 h6 14. Nh4 Bxg2 15. Nxg2 Qc8 16. Qc6 e5 17. dxe5 Nxe5 18. Bxe5 Rxe5 19. Nf4 Rc5 20. Qf3 Qe8 21. Red1 Rd8 22. Nd5 Nxd5 23. cxd5 Rd7 24. a3 a4 25. e3 Re7 26. Qf5 Re5 27. Qf3 Qb5 28. Rxc5 bxc5 29. Qg4 Qxb2 30. Qc8+ Kh7 31. Qxc7 Rf5 32. Rf1 Qe5 33. Rd1 Rf6 34. Qa5 Qb2 35. Qd2 Qxa3 36. Rb1 c4 37. Qc2+ g6 38. Qxc4 h5 39. Qb4 Qa2 40. Rb2 Qxd5 41. Qxa4 Kg7 42. Qd4 Qf3 43. Rd2 Kh7 44. Qb2 d5 45. Qd4 Ra6 46. Rd1 Ra2 47. Qf4 Qxd1+ 48. Kg2 Ra7 49. Qd4 Qxd4 50. exd4 Ra4 51. Kf3 Rxd4 52. Ke3 Re4+ 53. Kd3 Re6 54. f3 Kg7 55. Kd4 Kf6 56. f4 Re2 57. Kxd5 Rxh2 58. Ke4 Rg2 59. Kf3 Rxg3+ 60. Kxg3 Kf5 61. Kh4 Kxf4 62. Kh3 g5 63. Kh2 g4 64. Kg1 h4 65. Kf1 g3 66. Ke1 Kf3 67. Kd2 0-1

[Event "Titled Tuesday intern op 22nd June"]
[Site "Chess.com INT"]
[Date "2021.06.22"]
[Round "9"]
[White "Storme, Isak"]
[Black "Janiashvili, Mariam"]
[Result "0-1"]
[WhiteElo "2397"]
[BlackElo "1940"]
[PlyCount "92"]
[EventDate "2021.06.22"]
[EventType "swiss (blitz)"]
[EventRounds "11"]
[EventCountry "USA"]
[SourceTitle "CBM 203 Extra"]
[Source "ChessBase"]
[SourceDate "2021.09.30"]
[SourceVersion "1"]
[SourceVersionDate "2021.09.30"]
[SourceQuality "1"]

1. d4 d5 2. c4 e6 3. Nf3 Nf6 4. Bg5 dxc4 5. e3 a6 6. Bxc4 b5 7. Bb3 Bb7 8. 0-0 c5 9. Nc3 Bd6 10. dxc5 Bxc5 11. Qxd8+ Kxd8 12. Rfd1+ Ke7 13. Rac1 Bd6 14. Rd2 Nc6 15. Rcd1 Rhd8 16. Ne4 Bb4 17. Rxd8 Rxd8 18. Rxd8 Nxd8 19. Nxf6 gxf6 20. Bh4 Be4 21. Nd4 Nc6 22. Nxc6+ Bxc6 23. f3 Bd2 24. Kf2 Bc1 25. e4 Bxb2 26. Ke3 a5 27. f4 Kd7 28. g4 b4 29. Bc4 Ba4 30. Be1 Bd1 31. h3 Kd6 32. Bb5 Bc3 33. Bxc3 bxc3 34. Kd3 c2 35. Kd2 Kc5 36. Be8 Kd4 37. Bxf7 Kxe4 38. g5 fxg5 39. fxg5 e5 40. Bg8 Kf4 41. h4 e4 42. Kc1 e3 43. Bc4 e2 44. Bxe2 Bxe2 45. Kxc2 Kg4 46. Kb3 Bd1+ 0-1

[Event "GEO-ch (Women) 1st League 78th"]
[Site "Tbilisi"]
[Date "2021.03.26"]
[Round "9"]
[White "Janiashvili, Mariam"]
[Black "Gvatua, Mariam"]
[Result "1/2-1/2"]
[WhiteElo "1963"]
[BlackElo "1343"]
[PlyCount "106"]
[EventDate "2021.03.18"]
[EventType "swiss"]
[EventRounds "9"]
[EventCountry "GEO"]
[SourceTitle "CBM 201 Extra"]
[Source "ChessBase"]
[SourceDate "2021.05.31"]
[SourceVersion "1"]
[SourceVersionDate "2021.05.31"]
[SourceQuality "1"]

1. d4 Nf6 2. c4 e6 3. Nf3 Bb4+ 4. Bd2 Qe7 5. g3 0-0 6. Bg2 d5 7. 0-0 Bxd2 8. Qxd2 b6 9. cxd5 exd5 10. Nc3 Bb7 11. Rac1 Nbd7 12. Rfd1 c6 13. a3 b5 14. Qc2 a5 15. Nb1 Rfe8 16. e3 Ne4 17. Nbd2 f5 18. Nb3 a4 19. Nc5 Ndxc5 20. dxc5 g6 21. Nd4 Rac8 22. Re1 Ng5 23. h4 Ne4 24. Bh3 Qe5 25. Kg2 Rc7 26. Ne2 Nf6 27. Qc3 Qxc3 28. Rxc3 Ne4 29. Rc2 Rce7 30. Nd4 Nf6 31. Kg1 Nd7 32. Bf1 Ne5 33. Kg2 Kg7 34. Rec1 Rc8 35. Rd2 Nd7 36. Be2 Nf6 37. Rd3 Rce8 38. Nc2 Nd7 39. Nb4 Ne5 40. Rdc3 Rc8 41. Kf1 Rd8 42. Rd1 Rc7 43. Rd4 h5 44. Nc2 Nd7 45. Rd1 Kf6 46. Nb4 Ne5 47. Nc2 Nd7 48. Nd4 Nf8 49. Bf3 Ba6 50. Be2 Ne6 51. Nc2 Bb7 52. Nb4 Kf7 53. Ke1 Ba8 1/2-1/2